Name a City in every U.S. State - Statistics

General Stats
  • This quiz has been taken 949 times
  • The average score is 41 of 50
Answers on the Map
Answers color-coded by a green-red scale on the quiz's map according to % correct below.
 
Answer Stats
State City % Correct
California Los Angeles | San Diego | San Jose | San Francisco | Fresno | Sacramento | Long Beach | Oakland
98%
Texas Houston | San Antonio | Dallas | Fort Worth | Austin | El Paso | Arlington | Corpus Christi
97%
Florida Jacksonville | Miami | Tampa | Orlando | St. Petersburg | Port St. Lucie | Cape Coral | Hialeah
97%
New York New York City | Hempstead | Brookhaven | Islip | Oyster Bay | Buffalo | Babylon | Yonkers
96%
Illinois Chicago | Aurora | Joliet | Naperville | Rockford | Elgin | Springfield | Peoria
95%
Nevada Las Vegas | Henderson | Reno | Enterprise | Spring Valley | Sunrise Manor | Paradise | Sparks
95%
Georgia Atlanta | Augusta | Columbus | Macon | Savannah | Athens | South Fulton | Sandy Springs
94%
Washington Seattle | Spokane | Tacoma | Vancouver | Bellevue | Kent | Everett | Spokane Valley
93%
Massachusetts Boston | Worcester | Springfield | Cambridge | Lowell | Brockton | Lynn | Quincy
92%
Missouri Kansas City | St. Louis | Springfield | Columbia | Independence | Lee's Summit | O'Fallon | St. Charles
91%
Louisiana New Orleans | Baton Rouge | Shreveport | Metairie | Lafayette | Lake Charles | Bossier City | Kenner
91%
Arizona Phoenix | Tucson | Mesa | Chandler | Gilbert | Glendale | Scottsdale | Peoria
91%
Michigan Detroit | Grand Rapids | Warren | Sterling Heights | Ann Arbor | Lansing | Dearborn | Livonia
90%
Oregon Portland | Eugene | Salem | Gresham | Hillsboro | Bend | Beaverton | Medford
90%
Utah Salt Lake City | West Valley City | West Jordan | Provo | St. George | Lehi | Orem | Sandy
90%
Ohio Columbus | Cleveland | Cincinnati | Toledo | Akron | Dayton | Parma | Canton
89%
Colorado Denver | Colorado Springs | Aurora | Fort Collins | Lakewood | Thornton | Arvada | Westminster
89%
Tennessee Nashville | Memphis | Memphis | Chattanooga | Clarksville | Murfreesboro | Franklin | Johnson City
89%
Pennsylvania Philadelphia | Pittsburgh | Allentown | Reading | Erie | Bethlehem | Scranton | Lancaster
89%
Hawaii Honolulu | Hilo | Pearl City | Kailua | Waipahu | Kaneohe | Ewa Gentry | Mililani Town
88%
Oklahoma Oklahoma City | Tulsa | Norman | Broken Arrow | Edmond | Lawton | Moore | Midwest City
88%
Kansas Wichita | Overland Park | Kansas City | Olathe | Topeka | Lawrence | Shawnee | Lenexa
88%
North Carolina Charlotte | Raleigh | Greensboro | Durham | Winston-Salem | Fayetteville | Cary | Wilmington
87%
Alaska Anchorage | Fairbanks | Juneau | Knik-Fairview | Badger | College | North Lakes | Wasilla
85%
Maine Portland | Lewiston | Bangor | Auburn | Scarborough | Brunswick | Biddeford | Sanford
85%
New Mexico Albuquerque | Las Cruces | Rio Rancho | Santa Fe | Roswell | Farmington | Hobbs | Clovis
84%
Indiana Indianapolis | Fort Wayne | Evansville | Fishers | South Bend | Carmel | Bloomington | Hammond
84%
Minnesota Minneapolis | St. Paul | Rochester | Duluth | Bloomington | Woodbury | Brooklyn Park | Lakeville
84%
Wisconsin Milwaukee | Madison | Green Bay | Kenosha | Racine | Appleton | Eau Claire | Waukesha
81%
Alabama Huntsville | Birmingham | Montgomery | Mobile | Tuscaloosa | Hoover | Auburn | Dothan
80%
Maryland Baltimore | Columbia | Germantown | Frederick | Silver Spring | Waldorf | Ellicott City | Glen Burnie
78%
Idaho Boise | Meridian | Nampa | Caldwell | Idaho Falls | Pocatello | Coeur | Twin Falls
78%
Kentucky Louisville | Lexington | Bowling Green | Owensboro | Covington | Georgetown | Richmond | Elizabethtown
77%
New Jersey Newark | Jersey City | Paterson | Elizabeth | Trenton | Clifton | Camden | Bayonne
75%
Nebraska Omaha | Lincoln | Bellevue | Grand Island | Kearney | Fremont | Norfolk | Hastings
75%
Mississippi Jackson | Gulfport | Southaven | Hattiesburg | Biloxi | Olive Branch | Tupelo | Meridian
74%
South Carolina Charleston | Columbia | Mount Pleasant | Rock Hill | Greenville | Summerville | Goose Creek | Greer
72%
Iowa Des Moines | Cedar Rapids | Davenport | Sioux City | Ankeny | Iowa City | Waterloo | Ames
72%
Arkansas Little Rock | Fayetteville | Fort Smith | Springdale | Jonesboro | Rogers | Conway | North Little Rock
72%
Virginia Virginia Beach | Chesapeake | Arlington | Richmond | Norfolk | Newport News | Alexandria | Hampton
72%
Delaware Wilmington | Dover | Newark | Middletown | Bear | Glasgow | Brookside | Milford
70%
Connecticut Bridgeport | New Haven | Stamford | Hartford | Waterbury | Norwalk | Danbury | New Britain
67%
New Hampshire Manchester | Nashua | Concord | Derry | Rochester | Dover | Salem | Merrimack
67%
Rhode Island Providence | Warwick | Cranston | Pawtucket | Woonsocket | Cumberland | Coventry | Johnston
66%
West Virginia Charleston | Huntington | Morgantown | Parkersburg | Wheeling | Martinsburg | Weirton | Fairmont
65%
Montana Billings | Missoula | Great Falls | Bozeman | Butte-Silver Bow | Helena | Kalispell | Belgrade
64%
Wyoming Cheyenne | Casper | Gillette | Laramie | Rock Springs | Sheridan | Evanston | Green River
64%
North Dakota Fargo | Bismarck | Grand Forks | Minot | Williston | Dickinson | Mandan | Jamestown
63%
Vermont Burlington | Colchester | Rutland | Bennington | Brattleboro | Essex Junction | Milton | Hartford
62%
South Dakota Sioux Falls | Rapid City | Aberdeen | Brookings | Watertown | Yankton | Mitchell | Huron
54%
No matching quizzes found
Score Distribution
Percent of People with Each Score
Percentile by Number Answered
Your Score History
You have not taken this quiz